La firma en disconformidad en el ámbito de la Ley Nº 19.549 y su reglamentación ¿importa la interposición de un recurso? (Registro nro. 24169)
[ vista simple ]
| 000 -LEADER | |
|---|---|
| fixed length control field | 00396 a2200109 4500 |
| 001 - CONTROL NUMBER | |
| control field | ART_40053 |
| 005 - DATE AND TIME OF LATEST TRANSACTION | |
| control field | 20260410161842.0 |
| 008 - FIXED-LENGTH DATA ELEMENTS--GENERAL INFORMATION | |
| fixed length control field | 260409a |
| 100 1# - MAIN ENTRY--PERSONAL NAME | |
| Personal name | Torres, Ismael F. |
| 245 10 - TITLE STATEMENT | |
| Title | La firma en disconformidad en el ámbito de la Ley Nº 19.549 y su reglamentación ¿importa la interposición de un recurso? |
| 773 0# - HOST ITEM ENTRY | |
| Title | RAP |
| Related parts | - Año 23, Nº 266 (nov. 2000) |
| Record control number | REV5941 |
No hay ítems disponibles.